| 000 | 00685cab a22001935a 4500 | ||
|---|---|---|---|
| 001 | L141953 | ||
| 008 | 080116e20080111xxkad f s 000 0 eng d | ||
| 035 | _a(Sirsi) u141953 | ||
| 041 | 0 | _aeng | |
| 100 | 1 | _aCook, Lucian | |
| 245 | 0 | 0 | _aAge of the super-suburb |
| 260 | _c2008 | ||
| 490 | 0 |
_aProperty Week _v73(2) 11 January 2008, 48(1) |
|
| 520 | _aReviews the suburban housing market. Seeks to identify the top twenty five prime suburbs by average value and percentage sales above £1m in the M25, excluding central and inner London boroughs. | ||
| 590 | _aKA | ||
| 651 | 4 |
_aUnited Kingdom _y |
|
| 690 | _aPROPERTY-RESIDENTIAL PROPERTY-RESIDENTIAL PROPERTY MARKET | ||
| 942 | _n0 | ||
| 999 |
_c79669 _d79669 |
||